Statistics for Glee Trivia

Click here to take the quiz!

General Stats

  • This quiz has been taken 696 times
  • The average score is 10 of 24

Answer Stats

HintAnswer% Correct
Kurt's boyfriendBlaine Anderson
99%
Artie's SurnameAbrams
83%
Quinn's daughter's nameBeth
82%
What is the minimum number of people in a glee club to be allowed to compete12
72%
In which season did the glee club finally win nationalsSeason 3
68%
What is the name of Will Schuester's acapella bandAcafella
63%
Sue's daughter's nameRobin
55%
School they go toWilliam McKinley High school
53%
Who created gleeRyan Murphy
51%
What is the name of the glee clubs pianistBrad
49%
What was the warblers first performanceTeenage dream
47%
What is the name of Blaine's brotherCooper Anderson
45%
In the episode 'Hello' what did rachel sing in protest against FinnGives you hell
44%
What is Marley's mother's jobDinner lady
43%
Who did Idina Menzel playShelby Corcoran
35%
Name one Les miserables song sang in gleeOn my own/ I dreamed a dream
26%
Darren Criss' previous musical companyStarkid
21%
Where did Santana got to universityUniversity of Louisville
19%
What song was sang from rentTake me or leave me
17%
What is the name of Terri's sisterKendra
15%
Kurt's mother's nameElizabeth Hummel
14%
Who takes over the warbers after SebastianHunter Clarington
10%
Who does Kurt work for at vogueIsabella Wright
8%
First Episode air date19th May 2009
4%

Score Distribution

Percentile by Number Answered

Percent of People with Each Score

Your Score History

You have not taken this quiz